00377 2200157 4500001002100000005001500021035002000036245003500056100001800091300002600109260002800135082000800163084001400171020002200185990001200207INLIS00000000000302120250918110149 a0010-09250003681 aKenang Langit /cKirana Kejora0 aKirana Kejora a326 hlm ;c14 x 21 cm aJakarta :bZettu,c2014 a813 a813 KIR k a978-602-1298-09-1 a0755615